• 首页
  • 本馆介绍
  • 公告通知
  • 最新文献
  • 馆藏检索
  • 电子资源
  • 读者导购
  • 参考咨询
  • 我的图书馆
  • 登录
  • 详细信息显示
  • 放入我的书架
  • 预约/预借图书
  • 作者相关作品
  • 分类相关作品
  • 丛书相关作品
  • 出版社相关作品

书目信息

  • 表格格式
  • 工作单格式
  • 卡片格式
题名:
第13届残疾人奥林匹克运动会竞赛项目通用知识读本
    
 
作者: 李鸿江 , 池建 主编 ;第29届奥林匹克运动会组织委员会 编
分册:  
出版信息: 北京   北京体育大学出版社  2006
页数: 171页
开本: 23cm
丛书名:
单 册:
中图分类: G811.211
科图分类:
主题词: 残疾人--夏季奥运会--体育项目--基本知识--2008 , 残疾人 , 夏季奥运会
电子资源:
ISBN: 7-81100-586-7
000 01122nam0 2200277 45
001 1130238422
005 20110309093405.73
010    @a7-81100-586-7@dCNY18.00
100    @a20110122e2006 em y0chiy50 ea
101 0  @achi
102    @aCN@b110000
105    @aa z 000yy
106    @ar
200 1  @a第13届残疾人奥林匹克运动会竞赛项目通用知识读本@ADi 13 Jie Can Ji Ren Ao Lin Pi Ke Yun Dong Hui Jing Sai Xiang Mu Tong Yong Zhi Shi Du Ben@f李鸿江,池建主编@FLi Hong Jiang, Chi Jian Zhu Bian@g第29届奥林匹克运动会组织委员会编
210    @a北京@c北京体育大学出版社@d2006
215    @a171页@c图@d23cm
330    @a本书主要介绍残奥会各竞赛项目的起源沿革、比赛设项、比赛设施、比赛规则和观赛礼仪等知识。
606 0  @a残疾人@x夏季奥运会@x体育项目@x基本知识@z2008
606 0  @a残疾人
606 0  @a夏季奥运会
690    @aG811.211@v4
701  0 @a李鸿江@ALi Hong Jiang@f(1953.9~)@4主编
701  0 @a池建@AChi Jian@f(1959.1~)@4主编
712 02 @a第29届奥林匹克运动会组织委员会@ADi 29 Jie Ao Lin Pi Ke Yun Dong Hui Zu Zhi Wei Yuan Hui@4编
801  0 @aCN@bTANGWEI@c20110309
905    @b0530814-17@dG811.211@e60@f4
    
    第13届残疾人奥林匹克运动会竞赛项目通用知识读本/李鸿江,池建主编/第29届奥林匹克运动会组织委员会编.-北京:北京体育大学出版社,2006
    171页:图;23cm
    
    
    ISBN 7-81100-586-7:CNY18.00
    本书主要介绍残奥会各竞赛项目的起源沿革、比赛设项、比赛设施、比赛规则和观赛礼仪等知识。
●
相关链接 在E读中查询图书 在五车中查询图书 在当当中查询图书 在豆瓣中查询图书


正题名:第13届残疾人奥林匹克运动会竞赛项目通用知识读本     索取号:G811.211/60         预约/预借

序号 登录号 条形码 馆藏地/架位号 状态 备注
1 0530814   205308148   第一样本阅览室/ [索取号:G811.211/60] 在馆    
2 0530815   205308157   第四借阅区/ [索取号:G811.211/60] 在馆    
3 0530816   205308166   第四借阅区/ [索取号:G811.211/60] 在馆    
4 0530817   205308175   密集书库-体育系/ [索取号:G811.211/60] 在馆    
唐山师范学院图书馆 欢迎您!
大连网信软件有限公司© 版权所有